Библиотека Ф. М. Достоевского: опыт реконструкции, научное описание

書誌詳細
団体著者: Российская академия наук (РАН) Институт русской литературы (Пушкинский дом) (ИРЛИ)
その他の著者: Буданова Н.Ф. Нина Федоровна (составитель)
要約:На авантит.: к 100-летию Пушкинского Дома, 1905-2005
Коллективный труд, продолжающий традицию фундаментальных трудов Пушкинского Дома, содержит полное аннотированное описание личной несохранившейся библиотеки Ф. М. Достоевского, в основу которого положены все известные в настоящее время печатные и рукописные списки книг (в том числе неопубликованные), составленные женой писателя — А. Г. Достоевской. В приложении помещены дополнения к основному своду книг — издания, не вошедшие в списки А. Г. Достоевской, а также впервые публикуемое в полном виде описание книг, лично принадлежавших жене писателя.
言語:ロシア語
出版事項: СПб., Наука, 2005
主題:
フォーマット: 図書
KOHA link:https://koha.lib.tpu.ru/cgi-bin/koha/opac-detail.pl?biblionumber=81512

MARC

LEADER 00000nam0a2200000 4500
001 81512
005 20231031095210.0
010 |a 5020285544  |b (в пер.)  |b 1000 экз. 
021 |a RU  |b 05-39011  |9 05-1939 
035 |a (RuTPU)RU\TPU\book\87618 
090 |a 81512 
100 |a 20050921d2005 k y0rusy5002 ca 
101 0 |a rus 
102 |a RU 
105 |a ac z 011zb 
200 1 |a Библиотека Ф. М. Достоевского: опыт реконструкции, научное описание  |f Российская академия наук (РАН), Институт русской литературы (Пушкинский дом) (ИРЛИ) ; сост. Н.Ф. Буданова 
210 |a СПб.  |c Наука  |d 2005 
215 |a 336, [2] с.  |c ил., факс.  |d 25 см. 
300 |a На авантит.: к 100-летию Пушкинского Дома, 1905-2005 
320 |a Список условных сокращений: с.316-318. 
320 |a Список иллюстраций: с.319-320. 
320 |a Указатель имен: с.321-337. 
330 |a Коллективный труд, продолжающий традицию фундаментальных трудов Пушкинского Дома, содержит полное аннотированное описание личной несохранившейся библиотеки Ф. М. Достоевского, в основу которого положены все известные в настоящее время печатные и рукописные списки книг (в том числе неопубликованные), составленные женой писателя — А. Г. Достоевской. В приложении помещены дополнения к основному своду книг — издания, не вошедшие в списки А. Г. Достоевской, а также впервые публикуемое в полном виде описание книг, лично принадлежавших жене писателя. 
600 1 |a Достоевский  |g Федор Михайлович  |f 1821-1881  |c русский писатель  |b Ф. М.  |2 stltpui  |3 (RuTPU)RU\TPU\pers\1038 
610 1 |a русская литература 
610 0 |a личные библиотеки 
610 1 |a книги 
610 1 |a Россия 
610 1 |a указатели 
610 1 |a книговедение 
610 1 |a книговедение 
686 |a Ч734(2)729  |v LBC/SL-A  |2 rubbk 
686 |a Ч611.68  |v LBC/SL-A  |2 rubbk 
702 1 |a Буданова  |b Н.Ф.  |g Нина Федоровна  |4 220 
712 0 2 |a Российская академия наук (РАН)  |b Институт русской литературы (Пушкинский дом) (ИРЛИ)  |c (Санкт-Петербург)  |2 stltpush  |3 (RuTPU)RU\TPU\col\389 
801 0 |a RU  |b RKP  |c 20050719  |g PSBO 
801 1 |a RU  |b 63413507  |c 20050921  |g PSBO 
801 2 |a RU  |b 63413507  |c 20140602  |g PSBO 
942 |c BK